Špecifiká personálneho marketingu v školstve bakalárska práca

Guardado en:
Detalles Bibliográficos
Autor principal: Olešáková, Valéria
Autor Corporativo: Podnikovohospodárska fakulta EU so sídlom v Košiciach. Katedra marketingu a obchodu
Otros Autores: Lieskovská, Vanda, 1961-
Formato: Libro
Lenguaje:eslovaco
Publicado: Košice 2011
Etiquetas: Agregar Etiqueta
Sin Etiquetas, Sea el primero en etiquetar este registro!

MARC

LEADER 00000nbm a2200000 4500
001 0139488
005 20191022110355.1
041 0 |a slo 
044 |a SK 
245 1 0 |a Špecifiká personálneho marketingu v školstve  |b bakalárska práca  |c Valéria Olešáková ; školiteľ: Vanda Lieskovská 
264 1 |a Košice  |c 2011 
300 |a 60 s. 
100 1 |a Olešáková, Valéria 
700 1 |a Lieskovská, Vanda, 1961- 
710 2 |a Podnikovohospodárska fakulta EU so sídlom v Košiciach. Katedra marketingu a obchodu